000 00638nam a2200241Ia 4500
003 OSt
005 20220928112706.0
006 a|||||r|||| 00| 0
007 ta
008 220927b |||||||| |||| 00| 0 eng d
024 _a41973
037 _cTextual
040 _aSDCL
_cSDCL
_beng
041 _2eng
_aeng
082 _aR1x, N9
100 _aVarzi Achille C Ed.
_9429289
245 0 _aEuropean review of philosophy.
260 _aCalifornia
_bCSLI Publications
_c1999
300 _av,238p.
_ccm.
490 _aNature of logic.4
942 _hR1x, N9
_cTEXL
_2CC
999 _c745790
_d745790